书目信息 |
| 题名: |
电路分析基础
|
|
| 作者: | 李瀚荪 编 | |
| 分册: | 中册 | |
| 出版信息: | 北京 高等教育出版社 1993 |
|
| 页数: | 275页 | |
| 开本: | 20cm | |
| 丛书名: | ||
| 单 册: | ||
| 中图分类: | TM133 | |
| 科图分类: | 73.113 | |
| 主题词: | 电路分析--高等学校--教材 | |
| 电子资源: | ||
| ISBN: | 978-7-04-004114-9 | |
| 000 | 00681n|m0 2200241 450 | |
| 001 | 0102628049 | |
| 005 | 20121116170000.0 | |
| 010 | @a978-7-04-004114-9@dCNY11.1 | |
| 100 | @a20021005d1993 em y0chiy0110 ea | |
| 101 | 0 | @achi |
| 102 | @aCN@b110000 | |
| 105 | @ay z 000yy | |
| 135 | @adrbn ---auuuu | |
| 200 | 1 | @a电路分析基础@9Dian Lu Fen Xi Ji Chu @h中册@f李瀚荪编@b电子资源.图书 |
| 210 | @a北京@c高等教育出版社@d1993 | |
| 215 | @a275页@d20cm | |
| 325 | @a电子复制品 | |
| 606 | 0 | @a电路分析@x高等学校@x教材 |
| 690 | @aTM133@v3 | |
| 692 | @a73.113 | |
| 701 | 0 | @a李瀚荪@f(1927~)@9li han sun@4编 |
| 801 | 0 | @aCN@bAZmarc@c20230904 |
| 905 | @dTM133@e14@f1@sTM133/14@aBZT | |
| 电路分析基础.中册/李瀚荪编[电子资源.图书].-北京:高等教育出版社,1993 |
| 275页;20cm |
| ISBN 978-7-04-004114-9:CNY11.1 |
| ● |
| 相关链接 |
|
|
|
正题名:电路分析基础
索取号:TM133/14
 
预约/预借
| 序号 | 登录号 | 条形码 | 馆藏地/架位号 | 状态 | 备注 |
| 1 | 2000127904 | 2000127904 | 旧书回溯/ [索取号:TM133/14] | 在馆 |